Was the antisemitic propaganda a catalyst for tensions in the Slovak-Jewish relations?
| Titel: | Was the antisemitic propaganda a catalyst for tensions in the Slovak-Jewish relations? / Michala Lônčíková |
|---|---|
| Verfasser: | |
| In: |
Holocaust studies, Band 23, Heft 1-2 (2017), Seite 76-98 alle Artikel anzeigen Jews and gentiles in Central and Eastern Europe during the Holocaust, Band 23, Heft 1-2 (2017), Seite 76-98 alle Artikel anzeigen |
| Veröffentlicht: | 2017 |
| Umfang: | 2 Illustrationen |
| Format: | Aufsatz |
| Sprache: | Englisch |
X
alg: 49375051
001A $03025:26-04-22
001B $01999:26-04-22 $t23:18:15.000
001D $03025:26-04-22
001U $0utf8
001X $00
002@ $0Oou
002C $aText $btxt $2rdacontent
002D $aComputermedien $bc $2rdamedia
002E $aOnline-Ressource $bcr $2rdacarrier
003@ $0493750517
007A $0493750517 $aHEB
009Q $uhttps://doi.org/10.1080/17504902.2016.1209839 $xH
010@ $aeng
010E $erda
011@ $a2017
021A $aWas the antisemitic propaganda a catalyst for tensions in the Slovak-Jewish relations? $hMichala Lônčíková
028A $BVerfasser $4aut $8Lônčíková, Michala$Z1988- [Tp3] $946929471X
031A $d23 $e1-2 $h76-98 $j2017
034M $a2 Illustrationen
039B $aEnthalten in $8--Obvc--. Holocaust studies. - Abingdon {[u.a.] : Routledge, 2005-. - Online-Ressource. - ISSN 2048-4887 $x201700000230001924 $9303643609
039B $aEnthalten in $8--Aau--. Jews and gentiles in Central and Eastern Europe during the Holocaust. - London : Routledge, 2018. - ix, 230 Seiten. - 1 Illustration, 1 Diagramm. - ISBN 978-1-138-06132-3 $9419319042
044K $RTschechoslowakei $RTschechoslowakei $#Slowakei $#Slowakei $#Slowakische Republik $#Oberungarn $#Slovensko $#Slovenská Republika $#Slovenská SR $#SSR $#Slovakia $#Slovaquie $#Slovak Republic $#République Slovaque $#Slovenská Socialistická Republika $#Slowakische Sozialistische Republik $#Slovak Socialist Republic $#République Socialiste Slovaque $74055297-4 $8Slowakei [Tg1] $9085153834
044K $RPresse $RFortlaufendes Sammelwerk $#Newspapers $#Newspapers Sections, columns, etc. $#Journaux $#Journaux Cahiers, chroniques, etc. $#Giornali $#Artículos periodísticos $#Periódicos $#newspapers $#Zeitung $#Zeitung $#Tagespresse $#Tageszeitung $#Gazette $#Zeitungen $74067510-5 $8Zeitung [Ts1] $9085189790
044K $RRassismus $RFremdenfeindlichkeit $RJudenverfolgung $RAntijudaismus $#Antisemitism $#Antisémitisme $#Antisemitismus $#Antisemitismus $#Judenfeindschaft $#Judenhass $74002333-3 $8Antisemitismus [Ts1] $9084997346
044K $RBeeinflussung $RIndoktrination $#Propaganda $#Propagande $#Propaganda $#Propaganda $#Propaganda $#Politische Propaganda $74076374-2 $8Propaganda [Ts1] $9085216534
045F $a909.0492409437309043 $eDDC23BSB
045F/01 $a909.04924
045F/03 $f09043
045F/03 $g4373
045G $a070.9 $eDDC23BSB
045G/01 $a070.9
045G/03 $f09043
045G/03 $g4373
045R $aGeschichte 1938-1939
045T $a8 $a1
045T $aJUDAICA $qDE-30 $2FID
lok: 49375051 78
exp: 49375051 78 1 #EPN
201B/01 $026-04-22 $t16:07:40.000
201C/01 $026-04-22
201U/01 $0utf8
203@/01 $01196329389
208@/01 $a26-04-22 $be
209A/01 $a/ $f000 $x00
209A/01 $ab*p $x01
209A/01 $aEnglische Zusammenfassung, Seite 76 $x03
220C/01 $apgar
244Z/01 $#Slowakei $#Slowakei $#Slowakische Republik $#Oberungarn $#Slovensko $#Slovenská Republika $#Slovenská SR $#SSR $#Slovakia $#Slovaquie $#Slovak Republic $#République Slovaque $#Slovenská Socialistická Republika $#Slowakische Sozialistische Republik $#Slovak Socialist Republic $#République Socialiste Slovaque $74055297-4 $8--Tg1--Slowakei $x01 $9085153834
247C/01 $82080>Marburg/Lahn, Herder-Institut, Forschungsbibliothek, Bibliographieportal $9336309341
| LEADER | 00000caa a2200000 c 4500 | ||
|---|---|---|---|
| 001 | 493750517 | ||
| 003 | DE-603 | ||
| 005 | 20220426231815.0 | ||
| 007 | cr|||||||||||| | ||
| 008 | 220426s2017 xx |||| o| u00||u|eng c | ||
| 035 | |a (DE-599)HEB493750517 | ||
| 040 | |a DE-603 |b ger |c DE-603 |d DE-603 |e rda | ||
| 041 | |a eng | ||
| 082 | 0 | 4 | |8 1\u |a 909.0492409437309043 |q DE-101 |2 23/BSB |
| 083 | 0 | |8 2\u |a 070.9 |q DE-101 |2 23/BSB | |
| 084 | |a 8 |a 1 |2 ssgn | ||
| 084 | |a JUDAICA |q DE-30 |2 fid | ||
| 085 | |8 1\u |b 909.04924 | ||
| 085 | |8 1\u |z 1 |s 09043 | ||
| 085 | |8 1\u |z 2 |s 4373 | ||
| 085 | |8 2\u |b 070.9 | ||
| 085 | |8 2\u |z 1 |s 09043 | ||
| 085 | |8 2\u |z 2 |s 4373 | ||
| 100 | 1 | |a Lônčíková, Michala |d 1988- |e Verfasser |4 aut |0 (DE-603)46929471X |0 (DE-588)1217664556 |2 gnd | |
| 245 | 0 | 0 | |a Was the antisemitic propaganda a catalyst for tensions in the Slovak-Jewish relations? |c Michala Lônčíková |
| 264 | 0 | |c 2017 | |
| 300 | |b 2 Illustrationen | ||
| 336 | |a Text |b txt |2 rdacontent | ||
| 337 | |a Computermedien |b c |2 rdamedia | ||
| 338 | |a Online-Ressource |b cr |2 rdacarrier | ||
| 648 | 7 | |a Geschichte 1938-1939 |2 gnd | |
| 650 | 7 | |a Zeitung |0 (DE-588)4067510-5 |0 (DE-603)085189790 |2 gnd | |
| 650 | 7 | |a Antisemitismus |0 (DE-588)4002333-3 |0 (DE-603)084997346 |2 gnd | |
| 650 | 7 | |a Propaganda |0 (DE-588)4076374-2 |0 (DE-603)085216534 |2 gnd | |
| 651 | 7 | |a Slowakei |0 (DE-588)4055297-4 |0 (DE-603)085153834 |2 gnd | |
| 773 | 0 | 8 | |i Enthalten in |t Holocaust studies |d Abingdon [u.a.] : Routledge, 2005- |h Online-Ressource |x 2048-4887 |g Band 23, Heft 1-2 (2017), Seite 76-98 |w (DE-603)303643609 |w (DE-600)2668830-X |
| 773 | 0 | 8 | |i Enthalten in |t Jews and gentiles in Central and Eastern Europe during the Holocaust |d London : Routledge, 2018 |h ix, 230 Seiten, 1 Illustration, 1 Diagramm |z 9781138061323 |g Band 23, Heft 1-2 (2017), Seite 76-98 |w (DE-603)419319042 |
| 856 | |u https://doi.org/10.1080/17504902.2016.1209839 |x Verlag | ||
| 924 | 1 | |9 2080 |a (DE-603)1196329389 |b DE-2080 |c HES |d d |g / | |


